000 01580cam a22004694i 4500
003 PE-LiUPU
005 20250731172748.0
008 150617s r 000 0 d
035 _a(Sirsi) a12299
040 _aPE-LiUPU
_bspa
_cPE-LiUPU
_erda
049 _aPRUA
082 0 4 _a243
_bB942p
_223
100 1 _aBunyan, John,
_eautor.
245 1 4 _aThe Pilgrim's Progress /
_cpor John Bunyan.
264 1 _aLondres :
_bCollins Clear-Type Press,
_c[19__].
300 _a382 páginas ;
_c16 centímetros.
336 _atext
_2rdacontent
337 _aunmediated
_2rdamedia
338 _avolume
_2rdacarrier
490 0 _a(Library of classics)
505 0 _aThe Pilgrim's Progress.
526 _aSEG42
526 _aSEG41
526 _aSEG40
526 _aSEG39
526 _aP94
526 _aP87
526 _aP86
526 _aP85
526 _aP77
526 _aP76
526 _aP35
650 0 _aVida cristiana
_xObras anteriores a 1800.
_vNovelas
_92170
910 _ajck
942 _2ddc
_cBK
_n0
949 _a243 B942p1930
_wDEWEY
_c1
_i11621
_lCCODEBUL1
_mBUL
_p00.00
_r0
_sY
_tBOOK
_u20030303
_xTEOLOGIA
_0COMPRA
_o.STAFF. Colección general
949 _a243 B942p 1973
_wDEWEY
_c2
_i49931
_lCCODEBUL1
_mBUL
_p00.00
_r0
_sY
_tBOOK
_u20030303
_xTEOLOGIA
_0COMPRA
_o.STAFF. Colección general
980 _81
_gALBERTO SANCHEZ Responsable de Automatización
999 _c2541
_d2541